00681 2200253 4500001002100000005001500021035002000036007000300056008004100059020001800100082000800118084001400126100003200140245003900172250001200211300004500223650001900268650001900287264003400306336002100340337003000361338002300391990001300414INLIS00000000003928520220119085443 a0010-0122000102ta220119 0 ind a9786232313637 a330 a330 TRI e0 aTri WahyuningsihePengarang1 aEkonomi Publik :bTri Wahyuningsih aedisi 1 axviii, 309 halaman :bilustrasi ;c23 cm 4aEkonomi Publik 4aPublic Economy aDepok :bRajawali Pres,c2020 2rdacontentaTeks 2rdamediaaTanpa Perantara 2rdacarrieraVolume a21/00447